| 000 | 00747nam a2200205 u 4500 | ||
|---|---|---|---|
| 005 | 20240314152150.0 | ||
| 008 | 100525s2007 mx r 000 0 spa d | ||
| 020 | _a9789707774056 | ||
| 035 | _aUPN01000176097 | ||
| 049 | _aI | ||
| 050 | 4 |
_aQL737 P9 _bN6.3 |
|
| 100 | 1 |
_aNouel-Rénier, Juliette _930859 |
|
| 245 | 1 | 0 |
_aCómo descubrió el hombre que el simio es primo suyo / _cJuliette Nouel-Rénier; consejero científico Pascal Picq ; il. de Anne Simon ; tr. Glenn Gallardo. |
| 260 |
_aMéxico : _bOcéano, _c2007. |
||
| 300 |
_a61 p. : _bil. col. |
||
| 440 | 0 | _aOcéano travesía | |
| 534 |
_pTítulo original : _tComment l'homme a compris que lesinge est son cousin |
||
| 650 | 4 |
_aSimios _vLiteratura infantil _917603 |
|
| 905 | _aInfantil | ||
| 999 |
_c148200 _d148200 |
||